000 01232pam a2200289 a 4500
999 _c23724
_d23724
001 1198674
003 NUST
005 20170530121803.0
008 980605s1999 enka 001 0 eng
010 _a 98026965
020 _a0198504233 (hardcover)
020 _a019850425X (pbk.)
040 _aDLC
_cRCMS
_dDLC
050 0 0 _aQA76.9.C65
_bP46 1999
082 0 0 _a003/.3 WOO
_221
100 1 _aWoolfson, Michael M.
_q(Michael Mark)
_91598
245 1 3 _aAn introduction to computer simulation /
_cM.M. Woolfson and G.J. Pert.
260 _aOxford ;
_aNew York :
_bOxford University Press,
_cc1999.
300 _axiii, 311 p. :
_bill. ;
_c25 cm.
504 _aIncludes bibliographical references (p. [307]) and index.
538 _iShelf No 1 Row No 2
650 0 _aComputer simulation.
_91599
700 1 _aPert, G. J.
_q(Geoffrey J.)
_91600
856 4 2 _3Publisher description
_uhttp://www.loc.gov/catdir/enhancements/fy0606/98026965-d.html
856 4 1 _3Table of contents only
_uhttp://www.loc.gov/catdir/enhancements/fy0606/98026965-t.html
906 _a7
_bcbc
_corignew
_d1
_eocip
_f19
_gy-gencatlg
942 _2ddc
_cBK